Prasavaward/ (Record no. 35647)

000 -LEADER
fixed length control field 00365nam a22001451a 4500
082 ## - DEWEY DECIMAL CLASSIFICATION NUMBER
Classification number M3
Item number KUM/P
100 ## - MAIN ENTRY--PERSONAL NAME
Personal name Kumaran U K
9 (RLIN) 99009
245 ## - TITLE STATEMENT
Title Prasavaward/
Statement of responsibility, etc. by Kumaran U K
260 ## - PUBLICATION, DISTRIBUTION, ETC.
Place of publication, distribution, etc. Kozhikode:
Name of publisher, distributor, etc. Malayalam,
Date of publication, distribution, etc. 1989.
300 ## - PHYSICAL DESCRIPTION
Extent 145p.
650 ## - SUBJECT ADDED ENTRY--TOPICAL TERM
Topical term or geographic name entry element Novel Malayalam
9 (RLIN) 99010
650 ## - SUBJECT ADDED ENTRY--TOPICAL TERM
Topical term or geographic name entry element Literature Malayalam
9 (RLIN) 99011
650 ## - SUBJECT ADDED ENTRY--TOPICAL TERM
Topical term or geographic name entry element Literature
9 (RLIN) 99012
942 ## - ADDED ENTRY ELEMENTS (KOHA)
Koha item type Book
Holdings
Withdrawn status Lost status Damaged status Not for loan Permanent Location Current Location Date acquired Cost, normal purchase price Total Checkouts Full call number Barcode Date last seen Cost, replacement price Price effective from Koha item type Source of classification or shelving scheme Shelving location
        Sree Sankaracharya University of Sanskrit Sree Sankaracharya University of Sanskrit 08.01.2015 22.00   M3 KUM/P 001920 08.01.2015 0.00 08.01.2015 Book    
        Sree Sankaracharya University of Sanskrit Sree Sankaracharya University of Sanskrit 08.01.2015 22.00   M3 KUM/P 001652 08.01.2015 0.00 08.01.2015 Book    
        Sree Sankaracharya University of Sanskrit Sree Sankaracharya University of Sanskrit 17.06.2020 22.00   M3 KUM/P 099717 17.06.2020   17.06.2020 Book   Stacks